00757nam a22002057a 450000100060000000300090000600500170001500800410003201000170007304000280009008200220011810000280014024500920016825000130026026000560027330000300032950001130035965000570047270000220052914460BD-DhUAP20200203154641.0200203r20101969enk 001 0 eng  a 79434025  aDLCcDLCdBD-DhUAPbEng00223a347.9942 MAX  aMaxwell, Peter Benson. 10aMaxwell on the interpretation of statutes / cPeter Benson Maxwell and P. St J. Langan. a12th ed. aLondon :bSweet & Maxwell,cc1969 [Reprinted 2010]. axci, 391 pages ; c23 cm. aAppendix (p. 347-375): Interpretation act 1889. Interpretation measure 1925. Statutory instruments act 1946. 0aLawzGreat BritainxInterpretation and construction. aLangan, P. St J.